Statistics for Animals by Scientific Name

Click here to take the quiz!

General Stats

  • This quiz has been taken 16 times
  • The average score is 8 of 24

Answer Stats

Scientific NameAnimal% Correct
Gorilla BeringeiEastern Gorilla
100%
Panthera LeoLion
100%
Lemur CattaRing Tailed Lemur
100%
Iguana IguanaGreen Iguana
92%
Falco peregrinusPeregrine Falcon
77%
Salmo SalarAtlantic Salmon
46%
Haliaeetus leucocephalusBald Eagle
46%
Carcharodon carchariasGreat White Shark
46%
Alligator mississippiensisAmerican Alligator
38%
Ramphastos tocoToco Toucan
31%
Ailurus FulgensRed Panda
23%
Thunnus albacaresYellowfin Tuna
23%
Magicicada septendecim17 Year Cicada
15%
Lucanus CervusEuropean Stag Beetle
15%
Danaus plexippusMonarch Butterfly
15%
Ara macaoScarlet Macaw
15%
Scomber scombrusAtlantic Mackrel
8%
Phyllobates terribilisGolden Poison Frog
8%
Ardea herodiasGreat Blue Heron
8%
Potos FlavusKinkajou
8%
Coccinella MagnificaLadybug
8%
Phelsuma madagascariensis madagascariensisMadagascar Day Gecko
8%
Agalychnis callidryasRed Eyed Treefrog
0%
Scatophagus argusScat
0%

Score Distribution

Percentile by Number Answered

Percent of People with Each Score

Your Score History

You have not taken this quiz